Pokémon - Les attaques de Darumacho de Galar - Statistiques

Statistiques générales
  • Ce quiz a été pris 21 fois
  • Le résultat moyen est 9 sur 15
Statistiques - réponses
Niveaux Types Noms des attaques % Correct
Niveau 44 Glace Blizzard
100%
Niveau 28 Glace Poing-Glace
100%
Départ Évolution Glace Chute Glace
82%
Niveau 56 Combat Surpuissance
82%
Départ Normal Charge
73%
Départ Ténèbres Morsure
73%
Niveau 20 Glace Crocs Givre
64%
Départ Glace Poudreuse
64%
Départ Ténèbres Provoc
64%
Niveau 50 Normal Mania
55%
Niveau 12 Glace Avalanche
45%
Niveau 24 Normal Coup d'Boule
45%
Niveau 32 Normal Brouhaha
36%
Niveau 38 Normal Cognobidon
27%
Niveau 16 Normal Rengorgement
9%
Aucun quiz correspondant
Distribution des résultats
% des personnes avec chaque résultat
Percentile par nombre de réponses
Votre historique - résultats
Vous n’avez pas pris ce quiz